Unstable Smp - Statistics

General Stats
  • This quiz has been taken 97 times
  • The average score is 17 of 20
Answer Stats
Hint Answer % Correct
Crucible and Gambit Wemmbu
100%
Training arc Flamefrags
97%
Law LettuceK
97%
Smartest Player on Unstable ParrotX2
96%
The Director Wifies
96%
Ruler of the Nether Clownpierce
95%
Had an empire but was destroyed by Wemmbu PrinceZam
95%
Spear-mace Master Manepear
92%
Exploits Spokeishere
92%
Spoke's teammate Mapic
91%
Guardian of the End MinuteTech
91%
Minecart Pvp Theobaldthebird
86%
"FOR MY BROTHER" SargeLaw
84%
Sees all Eggchan
82%
Locked up by Lettuce, freed by Flame Lomedy
81%
Strongest Player Itzrealme
76%
Cheater irl Marlow
76%
Invis-Mafia leader Ashwagg
73%
Traitor of answer 1 JadenMAN
59%
Attacked Flame after knowing who he was Swight
59%
No matching quizzes found
Score Distribution
Percent of People with Each Score
Percentile by Number Answered
Your Score History
You have not taken this quiz